01610cam a2200385 a 4500001001400000003000800014005001700022006001900039007001500058008004100073020003800114040003000152049002600182050002200208082001600230100002300246245017100269260005300440300003700493520022400530521001700754588004700771504005100818650003500869650003400904650003500938655002900973700002501002700002301027710001601050776003501066856008801101942001601189999001901205EDZ0000063690StDuBDS20161031105118.0m||||||||d||||||||cr |||||||||||120319s2001 cau fo| 001|0|eng|d a9781452232447 (ebook) :cNo price aStDuBDSbengcStDuBDSepn aAlfaisal Main Library 0aLC5800b.M44 200104a378.1752231 aMehrotra, Chandra.10aDistance learningh[electronic resource] :bprinciples for effective design, delivery, and evaluation /cChandra Mohan Mehrotra, C. David Hollister, Lawrence McGahey. aThousand Oaks, Calif. ;aLondon :bSAGE,cc2001. a1 online resource (xiii, 242 p.)8 aIn reaction to the growth of distance learning, this book lays out practical principles and advice to help teachers and administrators design, implement and evaluate distance learning courses using a variety of formats. aSpecialized. aDescription based on print version record. aIncludes bibliographical references and index. 0aDistance educationxCurricula. 0aEducation, HigherxCurricula. 0aInstructional systemsxDesign. 7aElectronic books.2local1 aHollister, C. David.1 aMcGahey, Lawrence.2 aSage eBooks08iPrint version :z978076192089240uhttp://ezproxy.alfaisal.edu/login?url=http://sk.sagepub.com/books/distance-learning 2lcccEBOOKS c479538d479538